[Event "Tatry op"]
[Site "Tatranske Zruby"]
[Date "2013.10.05"]
[Round "8"]
[White "Olvecky, Jaroslav"]
[Black "Zakharchenko, Arnold"]
[Result "1/2-1/2"]
[WhiteElo "1920"]
[BlackElo "2182"]
[PlyCount "97"]
[EventDate "2013.09.29"]
[EventType "swiss"]
[EventRounds "9"]
[EventCountry "SVK"]
[SourceTitle "CBM 156 Extra"]
[Source "ChessBase"]
[SourceDate "2013.10.22"]
[SourceVersion "1"]
[SourceVersionDate "2013.10.22"]
[SourceQuality "1"]

1. d4 Nf6 2. c4 g6 3. Nf3 Bg7 4. g3 c5 5. dxc5 Na6 6. Bg2 Nxc5 7. Nc3 0-0 8. 0-0 d6 9. h3 Be6 10. Nd5 Nxd5 11. cxd5 Bd7 12. Nd4 Qb6 13. Rb1 a5 14. Be3 a4 15. Qd2 Rfc8 16. Rfc1 Qa6 17. Bg5 Qb6 18. Be3 Qd8 19. Bg5 a3 20. b3 Qf8 21. Kh2 h6 22. Bf4 Kh7 23. e4 e5 24. dxe6 fxe6 25. Be3 e5 26. Ne2 Bc6 27. Nc3 Bb5 28. Rd1 Bc6 29. b4 Ne6 30. b5 Be8 31. Nd5 Nd4 32. Nc7 Ra4 33. Bxd4 Rxd4 34. Ne6 Qg8 35. Nxd4 exd4 36. Rb3 Ra8 37. Qd3 Qf7 38. Rd2 Qc7 39. Rc2 Qa5 40. Rb1 Bf7 41. b6 Qa4 42. Bf1 Ra5 43. Kg1 Rc5 44. Rd2 Qa5 45. Rc2 Be6 46. h4 Qa4 47. Rd2 Qa5 48. Rc2 Qa4 49. Rd2 1/2-1/2

[Event "Tatry op"]
[Site "Tatranske Zruby"]
[Date "2013.10.04"]
[Round "7"]
[White "Zakharchenko, Arnold"]
[Black "Nitish, Belurkar"]
[Result "1/2-1/2"]
[WhiteElo "2182"]
[BlackElo "1858"]
[PlyCount "52"]
[EventDate "2013.09.29"]
[EventType "swiss"]
[EventRounds "9"]
[EventCountry "SVK"]
[SourceTitle "CBM 156 Extra"]
[Source "ChessBase"]
[SourceDate "2013.10.22"]
[SourceVersion "1"]
[SourceVersionDate "2013.10.22"]
[SourceQuality "1"]

1. c4 e5 2. Nc3 Nf6 3. Nf3 Nc6 4. g3 Bb4 5. Bg2 Bxc3 6. bxc3 d6 7. 0-0 0-0 8. d3 h6 9. Rb1 Rb8 10. e4 Be6 11. Ne1 Qd7 12. f4 Bh3 13. f5 Bxg2 14. Nxg2 Ne7 15. g4 Nh7 16. h4 f6 17. Ne3 c6 18. Ba3 a6 19. Rf2 b5 20. Kg2 Rbd8 21. Qb3 Kh8 22. Rfb2 Rb8 23. Kf3 c5 24. Qd1 Nc6 25. Kf2 Na7 26. Nd5 Rb7 1/2-1/2

[Event "Tatry op"]
[Site "Tatranske Zruby"]
[Date "2013.09.30"]
[Round "2"]
[White "Dolezal, Radoslav"]
[Black "Zakharchenko, Arnold"]
[Result "1-0"]
[WhiteElo "2368"]
[BlackElo "2182"]
[PlyCount "99"]
[EventDate "2013.09.29"]
[EventType "swiss"]
[EventRounds "9"]
[EventCountry "SVK"]
[SourceTitle "CBM 156 Extra"]
[Source "ChessBase"]
[SourceDate "2013.10.22"]
[SourceVersion "1"]
[SourceVersionDate "2013.10.22"]
[SourceQuality "1"]

1. d4 Nf6 2. Nf3 g6 3. c4 Bg7 4. Nc3 d5 5. e3 0-0 6. Qb3 c6 7. Bd3 dxc4 8. Bxc4 Nbd7 9. 0-0 Nb6 10. Be2 Be6 11. Qc2 Rc8 12. Rd1 Qc7 13. e4 Rfd8 14. h3 Bc4 15. Bxc4 Nxc4 16. b3 Nb6 17. Ba3 Bf8 18. e5 Nfd5 19. Ne4 Nf4 20. Nc5 Nbd5 21. Bc1 b6 22. Bxf4 Nxf4 23. Na4 Ne6 24. Qe4 b5 25. Nc3 Qa5 26. Ne2 Bh6 27. Qh4 Bf8 28. Nf4 Nxf4 29. Qxf4 Bg7 30. Ng5 Rf8 31. Qh4 h6 32. Ne4 g5 33. Qg4 Rcd8 34. h4 gxh4 35. Nf6+ Kh8 36. Nh5 Rg8 37. Qxh4 Bf8 38. Qe4 Qb4 39. Qf4 c5 40. dxc5 Qxf4 41. Nxf4 Bg7 42. Rxd8 Rxd8 43. Re1 e6 44. a3 Bf8 45. b4 a5 46. Re3 Rd1+ 47. Kh2 Rc1 48. Ne2 Rc4 49. Rc3 Re4 50. c6 1-0

[Event "Kesarovski Georgiev Memorial-A 12th"]
[Site "Sunny Beach"]
[Date "2013.09.08"]
[Round "9"]
[White "Zakharchenko, Arnold"]
[Black "Collas, Didier"]
[Result "1/2-1/2"]
[WhiteElo "2179"]
[BlackElo "2396"]
[PlyCount "106"]
[EventDate "2013.08.31"]
[EventType "swiss"]
[EventRounds "9"]
[EventCountry "BUL"]
[SourceTitle "CBM 156 Extra"]
[Source "ChessBase"]
[SourceDate "2013.10.22"]
[SourceVersion "1"]
[SourceVersionDate "2013.10.22"]
[SourceQuality "1"]

1. c4 f5 2. d4 Nf6 3. g3 g6 4. Bg2 Bg7 5. Nf3 0-0 6. 0-0 d6 7. Nc3 c6 8. d5 e5 9. dxe6 Bxe6 10. Qd3 Na6 11. Ng5 Bf7 12. Bf4 d5 13. Nxf7 Rxf7 14. cxd5 Nb4 15. Qc4 Nbxd5 16. Rad1 Kh8 17. Bxd5 cxd5 18. Nxd5 Rd7 19. Nc3 Rc8 20. Qb3 Qg8 21. Qa4 Rxd1 22. Rxd1 a6 23. Be5 Qe6 24. Qd4 Kg8 25. Nd5 Qxd5 26. Qxd5+ Nxd5 27. Bxg7 Kxg7 28. Rxd5 Rc2 29. Rd7+ Kh6 30. Rxb7 Rxe2 31. a4 a5 32. Kg2 g5 33. h3 g4 34. hxg4 fxg4 35. Kf1 Rc2 36. b4 Rc4 37. Ke2 axb4 38. Kd3 Rc3+ 39. Kd4 Rf3 40. Rxb4 Rxf2 41. Kc5 Kg5 42. a5 Rf3 43. a6 Rxg3 44. Ra4 Rc3+ 45. Kb6 Rc8 46. Kb7 Rf8 47. a7 g3 48. Ra5+ Kg4 49. Ra4+ Kf3 50. Ra3+ Kf2 51. Ra2+ Kf1 52. Ra1+ Kf2 53. Ra2+ Kg1 1/2-1/2

[Event "Olomouc op 16th"]
[Site "Olomouc"]
[Date "2013.08.05"]
[Round "6"]
[White "Zakharchenko, Arnold"]
[Black "Kriebel, Tadeas"]
[Result "0-1"]
[WhiteElo "2179"]
[BlackElo "2351"]
[PlyCount "62"]
[EventDate "2013.08.01"]
[EventType "swiss"]
[EventRounds "9"]
[EventCountry "CZE"]
[SourceTitle "CBM 155 Extra"]
[Source "ChessBase"]
[SourceDate "2013.08.26"]
[SourceVersion "1"]
[SourceVersionDate "2013.08.26"]
[SourceQuality "1"]

1. d4 Nf6 2. c4 g6 3. Nc3 d5 4. Qb3 dxc4 5. Qxc4 Bg7 6. e4 0-0 7. Be2 Nc6 8. Nf3 Bg4 9. Be3 Bxf3 10. Bxf3 e5 11. d5 Nd4 12. 0-0-0 Ne8 13. h4 Nd6 14. Qd3 c5 15. dxc6 bxc6 16. h5 Rb8 17. hxg6 hxg6 18. Rd2 Rb4 19. b3 Qa5 20. Bd1 Qa3+ 21. Kb1 Nc4 22. Ne2 Rfb8 23. Nc1 c5 24. Qc3 Qa5 25. Rd3 Na3+ 26. Kb2 c4 27. Bd2 Qa6 28. Rdh3 cxb3 29. Bxb3 Nc4+ 30. Kb1 Nxb3 31. axb3 Rxb3+ 0-1

[Event "Voronezh op-A 17th"]
[Site "Voronezh"]
[Date "2013.06.18"]
[Round "6"]
[White "Oganian, Miran"]
[Black "Zakharchenko, Arnold"]
[Result "1-0"]
[WhiteElo "2331"]
[BlackElo "2179"]
[PlyCount "85"]
[EventDate "2013.06.12"]
[EventType "swiss"]
[EventRounds "9"]
[EventCountry "RUS"]
[SourceTitle "EXT 2014"]
[Source "ChessBase"]
[SourceDate "2013.11.20"]
[SourceVersion "1"]
[SourceVersionDate "2013.11.20"]
[SourceQuality "1"]

1. d4 Nf6 2. c4 g6 3. Nc3 d5 4. Nf3 Bg7 5. Bg5 Ne4 6. cxd5 Nxg5 7. Nxg5 e6 8. Qd2 exd5 9. Qe3+ Kf8 10. Qf4 Qd7 11. e3 h6 12. Nf3 c6 13. Bd3 Kg8 14. Rc1 Qg4 15. Qc7 Nd7 16. h3 Qe6 17. h4 Bf8 18. h5 Bd6 19. Qa5 g5 20. Nxg5 hxg5 21. Qd8+ Bf8 22. Qxg5+ Bg7 23. Ne2 Kf8 24. g4 Qf6 25. f4 Ke7 26. Ng3 Qxg5 27. fxg5 Nb6 28. Bf5 Be6 29. h6 Bf8 30. Ke2 Nc4 31. e4 dxe4 32. Bxe6 Kxe6 33. Rxc4 Be7 34. Nxe4 Rag8 35. Rh5 Rg6 36. Rc1 Kd5 37. Kd3 b6 38. Rf1 Ke6 39. Rf5 Rd8 40. Re5+ Kd7 41. Ke3 Rh8 42. Kf4 Bd8 43. Kf5 1-0

[Event "Voronezh op-A 17th"]
[Site "Voronezh"]
[Date "2013.06.14"]
[Round "3"]
[White "Zakharchenko, Arnold"]
[Black "Rozhko, Dmitry"]
[Result "1/2-1/2"]
[WhiteElo "2179"]
[BlackElo "2332"]
[PlyCount "82"]
[EventDate "2013.06.12"]
[EventType "swiss"]
[EventRounds "9"]
[EventCountry "RUS"]
[SourceTitle "EXT 2014"]
[Source "ChessBase"]
[SourceDate "2013.11.20"]
[SourceVersion "1"]
[SourceVersionDate "2013.11.20"]
[SourceQuality "1"]

1. d4 d5 2. c4 c6 3. Nc3 Nf6 4. cxd5 cxd5 5. Bf4 Nc6 6. Nf3 Bf5 7. e3 e6 8. Be2 Qb6 9. 0-0 Qxb2 10. Nb5 Rc8 11. Bd3 Bxd3 12. Qxd3 Ne4 13. Rab1 Qxa2 14. Nc7+ Kd8 15. Rxb7 Qc4 16. Qxc4 dxc4 17. Ng5 Nxg5 18. Bxg5+ Be7 19. Bxe7+ Kxe7 20. Nd5+ Kd8 21. Nc3 Rc7 22. Rfb1 Kd7 23. R7b5 Ra8 24. d5 Nd8 25. Rd1 Rb7 26. dxe6+ Kxe6 27. Rxd8 Rxd8 28. Rxb7 Rd3 29. Rxa7 Rxc3 30. Kf1 Rc2 31. g4 c3 32. Kg2 Kd6 33. Kf3 Rc1 34. Ra8 Kd7 35. Ra4 Kc6 36. Ke4 Rc2 37. Rc4+ Kb5 38. Kd3 Rxf2 39. Rxc3 Rxh2 40. Ke4 h5 41. g5 Rh4+ 1/2-1/2

[Event "Wch Seniors 22nd"]
[Site "Kamena Vourla"]
[Date "2012.11.22"]
[Round "9"]
[White "Sokolov, Yury"]
[Black "Zakharchenko, Arnold"]
[Result "1-0"]
[WhiteElo "1947"]
[BlackElo "2194"]
[PlyCount "99"]
[EventDate "2012.11.13"]
[EventType "swiss"]
[EventRounds "11"]
[EventCountry "GRE"]
[SourceTitle "CBM 151 Extra"]
[Source "ChessBase"]
[SourceDate "2012.12.18"]
[SourceVersion "1"]
[SourceVersionDate "2012.12.18"]
[SourceQuality "1"]

1. e4 d6 2. Bc4 Nf6 3. Nc3 c6 4. d4 d5 5. exd5 cxd5 6. Bb3 Nc6 7. Nge2 e6 8. 0-0 Be7 9. a3 0-0 10. Bg5 Bd7 11. Qd2 Na5 12. Ba2 Rc8 13. Bb1 Nc4 14. Qc1 Qb6 15. b3 Nd6 16. Kh1 a6 17. f3 Nb5 18. Na4 Qa7 19. c3 Nd6 20. Nc5 Bb5 21. Qc2 g6 22. Bh6 Rfe8 23. Nd3 Qb6 24. Rd1 Bxd3 25. Rxd3 Rc6 26. Bd2 Rec8 27. h4 Nf5 28. g4 Nxh4 29. Bg5 Nxg4 30. Bxh4 Bxh4 31. fxg4 Bg5 32. b4 Qc7 33. Ba2 Qd6 34. Rf1 Bh4 35. Rh3 Bg5 36. Bb1 R6c7 37. Qd3 Rd7 38. Ng1 Rdc7 39. Qf3 Qc6 40. Ne2 Qa4 41. c4 dxc4 42. d5 c3 43. dxe6 fxe6 44. Nxc3 Qc6 45. Ne4 Qd5 46. Rh2 Qe5 47. Ba2 h6 48. Nc5 Re7 49. Re2 Rxc5 50. bxc5 1-0

[Event "Wch Seniors 22nd"]
[Site "Kamena Vourla"]
[Date "2012.11.21"]
[Round "8"]
[White "Zakharchenko, Arnold"]
[Black "Krstic, Slobodan"]
[Result "1-0"]
[WhiteElo "2194"]
[BlackElo "2004"]
[PlyCount "61"]
[EventDate "2012.11.13"]
[EventType "swiss"]
[EventRounds "11"]
[EventCountry "GRE"]
[SourceTitle "CBM 151 Extra"]
[Source "ChessBase"]
[SourceDate "2012.12.18"]
[SourceVersion "1"]
[SourceVersionDate "2012.12.18"]
[SourceQuality "1"]

1. d4 g6 2. c4 Bg7 3. Nc3 d6 4. e4 Nd7 5. Be3 Ngf6 6. f3 e5 7. d5 a5 8. Qd2 0-0 9. 0-0-0 Nh5 10. Nge2 f5 11. exf5 gxf5 12. Ng3 Nf4 13. Bxf4 exf4 14. Nh5 Be5 15. Nxf4 Nc5 16. Nd3 Nxd3+ 17. Bxd3 Kh8 18. f4 Bg7 19. Rhe1 a4 20. a3 Bd7 21. Re3 c5 22. dxc6 bxc6 23. Bc2 d5 24. cxd5 c5 25. Re5 Rf6 26. Rde1 Rb6 27. R1e2 Qb8 28. Bxf5 Bxf5 29. Rxf5 Bd4 30. Rf7 Rb3 31. Qc2 1-0

[Event "Wch Seniors 22nd"]
[Site "Kamena Vourla"]
[Date "2012.11.17"]
[Round "5"]
[White "Zakharchenko, Arnold"]
[Black "Rubinstein, Mark"]
[Result "1-0"]
[WhiteElo "2194"]
[BlackElo "1986"]
[PlyCount "63"]
[EventDate "2012.11.13"]
[EventType "swiss"]
[EventRounds "11"]
[EventCountry "GRE"]
[SourceTitle "CBM 151 Extra"]
[Source "ChessBase"]
[SourceDate "2012.12.18"]
[SourceVersion "1"]
[SourceVersionDate "2012.12.18"]
[SourceQuality "1"]

1. c4 Nf6 2. Nc3 g6 3. d4 Bg7 4. e4 d6 5. f3 0-0 6. Be3 e5 7. d5 c5 8. Qd2 Nbd7 9. g4 Re8 10. Nge2 a6 11. Ng3 Nf8 12. h4 h5 13. gxh5 Nxh5 14. Bg5 f6 15. Nxh5 gxh5 16. Be3 Kh7 17. 0-0-0 Re7 18. Bh3 Bxh3 19. Rxh3 b5 20. Rg1 bxc4 21. Rhg3 Raa7 22. f4 Bh6 23. fxe5 Bxe3 24. Qxe3 Rxe5 25. Qf3 Rb7 26. Nd1 a5 27. Qg2 Qe7 28. Ne3 Rxe4 29. Rg8 Rg4 30. Nxg4 Kxg8 31. Nh6+ Kh7 32. Nf5 1-0

[Event "Kesarovski Georgiev Memorial 11th"]
[Site "Sunny Beach"]
[Date "2012.09.05"]
[Round "5"]
[White "Zakharchenko, Arnold"]
[Black "Kolev, Atanas Tonchev"]
[Result "1/2-1/2"]
[WhiteElo "2196"]
[BlackElo "2083"]
[PlyCount "107"]
[EventDate "2012.09.01"]
[EventType "swiss"]
[EventRounds "9"]
[EventCountry "BUL"]
[SourceTitle "CBM 150 Extra"]
[Source "ChessBase"]
[SourceDate "2012.10.19"]
[SourceVersion "1"]
[SourceVersionDate "2012.10.19"]
[SourceQuality "1"]

1. c4 Nf6 2. Nc3 g6 3. d4 Bg7 4. e4 d6 5. f3 a6 6. Be3 Nbd7 7. Nge2 c5 8. Qd2 Qa5 9. Nc1 cxd4 10. Bxd4 Nc5 11. Be2 0-0 12. 0-0 Ne6 13. Nb3 Qd8 14. Be3 Nd7 15. Rad1 b6 16. Nd4 Nxd4 17. Bxd4 Bxd4+ 18. Qxd4 Bb7 19. f4 Nc5 20. e5 dxe5 21. Qxe5 Qe8 22. Bf3 Bxf3 23. Rxf3 e6 24. b4 Nd7 25. Qc7 Nf6 26. Qxb6 Qe7 27. a3 Rfc8 28. c5 a5 29. Qd6 Qxd6 30. Rxd6 axb4 31. axb4 Ra3 32. Rfd3 Kf8 33. Kf1 Nd5 34. R3xd5 exd5 35. Nxd5 Ra2 36. c6 Rc2 37. c7 R2xc7 38. Nxc7 Rxc7 39. Rd4 Rc2 40. h3 h5 41. g4 hxg4 42. hxg4 Ke7 43. g5 Ke6 44. Ke1 f6 45. Kd1 Rg2 46. gxf6 Kxf6 47. Kc1 g5 48. fxg5+ Kxg5 49. b5 Kf5 50. b6 Ke5 51. Rd8 Rg7 52. Rb8 Kd6 53. Kd2 Kc6 54. Kc3 1/2-1/2

[Event "Kesarovski Georgiev Memorial 11th"]
[Site "Sunny Beach"]
[Date "2012.09.03"]
[Round "3"]
[White "Zakharchenko, Arnold"]
[Black "Alexiev, Ivan"]
[Result "1-0"]
[WhiteElo "2196"]
[BlackElo "1972"]
[PlyCount "63"]
[EventDate "2012.09.01"]
[EventType "swiss"]
[EventRounds "9"]
[EventCountry "BUL"]
[SourceTitle "CBM 150 Extra"]
[Source "ChessBase"]
[SourceDate "2012.10.19"]
[SourceVersion "1"]
[SourceVersionDate "2012.10.19"]
[SourceQuality "1"]

1. c4 Nf6 2. Nc3 e6 3. Nf3 b6 4. g3 Bb7 5. Bg2 d6 6. 0-0 Nbd7 7. Re1 Be7 8. e4 e5 9. d4 0-0 10. d5 a5 11. Nh4 Nc5 12. Nf5 Bc8 13. Ne3 Ne8 14. Na4 Nxa4 15. Qxa4 Bg5 16. Qc2 Bxe3 17. Bxe3 f5 18. f4 exf4 19. Bxf4 fxe4 20. Qxe4 Bf5 21. Qd4 Qd7 22. Re3 Nf6 23. Rae1 Rae8 24. Bg5 Rxe3 25. Rxe3 Qf7 26. Re1 Qg6 27. Bf4 Qh5 28. b3 Ng4 29. h3 Ne5 30. Bxe5 dxe5 31. Qxe5 Qh6 32. g4 1-0

[Event "Litomysl op 13th"]
[Site "Litomysl"]
[Date "2011.12.30"]
[Round "7"]
[White "Kratochvil, Josef"]
[Black "Zakharchenko, Arnold"]
[Result "0-1"]
[WhiteElo "2233"]
[BlackElo "2233"]
[PlyCount "73"]
[EventDate "2011.12.26"]
[EventType "swiss"]
[EventRounds "9"]
[EventCountry "CZE"]
[SourceTitle "CBM 146 Extra"]
[Source "ChessBase"]
[SourceDate "2012.02.29"]
[SourceVersion "1"]
[SourceVersionDate "2012.02.29"]
[SourceQuality "1"]

1. e4 e6 2. d3 d5 3. Nd2 Nf6 4. Ngf3 Nc6 5. g3 dxe4 6. dxe4 e5 7. Bg2 Bc5 8. 0-0 0-0 9. c3 a5 10. h3 Qe7 11. Qc2 b6 12. Re1 Ba6 13. Nh4 Rfd8 14. Bf1 Qd7 15. Bxa6 Qxh3 16. Nf5 Ng4 17. Nf3 Rxa6 18. Re2 g6 19. Ne3 Raa8 20. Nf1 h5 21. Be3 Nxe3 22. Nxe3 Rd6 23. Rd1 Rad8 24. Rxd6 Rxd6 25. a3 Bxe3 26. Rxe3 Qd7 27. b4 axb4 28. axb4 Qe6 29. Rd3 Qc4 30. Rxd6 cxd6 31. Nd2 Qe2 32. Qa2 Ne7 33. Qa8+ Kg7 34. Nf1 Ng8 35. Qd5 Nf6 36. Qd2 Qxd2 37. Nxd2 0-1

[Event "Litomysl op 13th"]
[Site "Litomysl"]
[Date "2011.12.29"]
[Round "6"]
[White "Zakharchenko, Arnold"]
[Black "Drozdowski, Kacper"]
[Result "0-1"]
[WhiteElo "2233"]
[BlackElo "2314"]
[PlyCount "50"]
[EventDate "2011.12.26"]
[EventType "swiss"]
[EventRounds "9"]
[EventCountry "CZE"]
[SourceTitle "CBM 146 Extra"]
[Source "ChessBase"]
[SourceDate "2012.02.29"]
[SourceVersion "1"]
[SourceVersionDate "2012.02.29"]
[SourceQuality "1"]

1. c4 c5 2. Nf3 Nc6 3. d4 cxd4 4. Nxd4 g6 5. e4 Nf6 6. Nc3 Nxd4 7. Qxd4 d6 8. Be2 Bg7 9. Be3 0-0 10. Qd2 a5 11. Rd1 Be6 12. 0-0 a4 13. c5 a3 14. b3 dxc5 15. Bxc5 Qxd2 16. Rxd2 Rfc8 17. Bb4 Rxc3 18. Bxc3 Nxe4 19. Bxg7 Nxd2 20. Rd1 Kxg7 21. Rxd2 Bxb3 22. f4 Be6 23. Kf2 b5 24. Bf3 Ra7 25. Ke3 b4 0-1

[Event "Litomysl op 13th"]
[Site "Litomysl"]
[Date "2011.12.29"]
[Round "5"]
[White "Zakharchenko, Arnold"]
[Black "Niemers, Johannes"]
[Result "1-0"]
[WhiteElo "2233"]
[BlackElo "2011"]
[PlyCount "59"]
[EventDate "2011.12.26"]
[EventType "swiss"]
[EventRounds "9"]
[EventCountry "CZE"]
[SourceTitle "CBM 146 Extra"]
[Source "ChessBase"]
[SourceDate "2012.02.29"]
[SourceVersion "1"]
[SourceVersionDate "2012.02.29"]
[SourceQuality "1"]

1. c4 Nf6 2. Nc3 c6 3. e4 d6 4. d4 g6 5. f3 Nbd7 6. Be3 e5 7. d5 Qc7 8. Qd2 h6 9. 0-0-0 cxd5 10. cxd5 a6 11. Kb1 b5 12. Rc1 Qb8 13. Nh3 Bg7 14. Nf2 h5 15. Nd3 0-0 16. Nb4 Nb6 17. Nc6 Qb7 18. Qf2 Nbd7 19. Bd3 Re8 20. h3 Nb8 21. Na5 Qd7 22. b4 Bf8 23. g4 Be7 24. Rc2 Bd8 25. Nc6 Nxc6 26. dxc6 Qe6 27. gxh5 Nxh5 28. Nd5 Nf6 29. c7 Nxd5 30. exd5 1-0

[Event "Litomysl op 13th"]
[Site "Litomysl"]
[Date "2011.12.28"]
[Round "4"]
[White "Cerveny, Martin"]
[Black "Zakharchenko, Arnold"]
[Result "1-0"]
[WhiteElo "2347"]
[BlackElo "2233"]
[PlyCount "57"]
[EventDate "2011.12.26"]
[EventType "swiss"]
[EventRounds "9"]
[EventCountry "CZE"]
[SourceTitle "CBM 146 Extra"]
[Source "ChessBase"]
[SourceDate "2012.02.29"]
[SourceVersion "1"]
[SourceVersionDate "2012.02.29"]
[SourceQuality "1"]

1. d4 Nf6 2. c4 g6 3. Nc3 d5 4. cxd5 Nxd5 5. e4 Nxc3 6. bxc3 Bg7 7. Nf3 0-0 8. Be2 c5 9. Rb1 Nc6 10. d5 Bxc3+ 11. Bd2 Bxd2+ 12. Qxd2 Na5 13. h4 Bg4 14. h5 Bxf3 15. gxf3 e5 16. hxg6 fxg6 17. d6 Rf6 18. Qd5+ Kg7 19. f4 exf4 20. e5 Rf5 21. Rxb7+ Nxb7 22. Qxb7+ Rf7 23. Rxh7+ Kxh7 24. Qxf7+ Kh6 25. Qxf4+ Kg7 26. e6 Qa5+ 27. Kf1 Qc3 28. Qf7+ Kh6 29. e7 1-0

[Event "Litomysl op 13th"]
[Site "Litomysl"]
[Date "2011.12.26"]
[Round "1"]
[White "Drozdowski, Konrad"]
[Black "Zakharchenko, Arnold"]
[Result "0-1"]
[WhiteElo "1862"]
[BlackElo "2233"]
[PlyCount "74"]
[EventDate "2011.12.26"]
[EventType "swiss"]
[EventRounds "9"]
[EventCountry "CZE"]
[SourceTitle "CBM 146 Extra"]
[Source "ChessBase"]
[SourceDate "2012.02.29"]
[SourceVersion "1"]
[SourceVersionDate "2012.02.29"]
[SourceQuality "1"]

1. e4 g6 2. d4 c6 3. Nc3 d5 4. Nf3 Bg7 5. h3 Nf6 6. exd5 cxd5 7. Be2 0-0 8. 0-0 Nc6 9. Bf4 Bf5 10. a3 Ne4 11. Rb1 Rc8 12. Na2 Qb6 13. Be3 Rfd8 14. g4 Be6 15. Kg2 f5 16. g5 Rf8 17. c3 f4 18. Bd2 Na5 19. b4 Nc4 20. Bxc4 Rxc4 21. Rb3 Qc7 22. Qe2 Qd7 23. Rh1 Rf5 24. h4 Rf8 25. Rb2 Bg4 26. b5 Rfc8 27. Be1 Nxc3 28. Nxc3 Rxc3 29. Bxc3 Rxc3 30. Rb4 Bxf3+ 31. Qxf3 Rxf3 32. Kxf3 Qf5 33. Kg2 f3+ 34. Kg3 e5 35. Re1 e4 36. b6 Bf8 37. Kh2 Bd6+ 0-1

[Event "Plzen op 3rd"]
[Site "Plzen"]
[Date "2011.11.23"]
[Round "6"]
[White "Rigopoulos Tsigkos, Alexandros"]
[Black "Zakharchenko, Arnold"]
[Result "1-0"]
[WhiteElo "2066"]
[BlackElo "2233"]
[PlyCount "37"]
[EventDate "2011.11.19"]
[EventType "swiss"]
[EventRounds "9"]
[EventCountry "CZE"]
[SourceTitle "CBM 145 Extra"]
[Source "ChessBase"]
[SourceDate "2012.01.03"]
[SourceVersion "1"]
[SourceVersionDate "2012.01.03"]
[SourceQuality "1"]

1. e4 d6 2. d4 Nf6 3. Nc3 g6 4. Be3 a6 5. Qd2 b5 6. f3 Nbd7 7. h4 Bb7 8. Nh3 c5 9. dxc5 dxc5 10. 0-0-0 Qa5 11. Kb1 Bg7 12. g4 b4 13. Ne2 0-0-0 14. Bg2 Ne5 15. Qc1 h5 16. c3 hxg4 17. cxb4 gxf3 18. bxa5 Bxe4+ 19. Ka1 1-0

[Event "Chigorin Memorial 19th"]
[Site "St Petersburg"]
[Date "2011.10.18"]
[Round "5"]
[White "Zakharchenko, Arnold"]
[Black "Nezbailo, Dmitry"]
[Result "1-0"]
[WhiteElo "2225"]
[BlackElo "1966"]
[PlyCount "119"]
[EventDate "2011.10.14"]
[EventType "swiss"]
[EventRounds "9"]
[EventCountry "RUS"]
[SourceTitle "CBM 144 Extra"]
[Source "ChessBase"]
[SourceDate "2011.10.28"]
[SourceVersion "1"]
[SourceVersionDate "2011.10.28"]
[SourceQuality "1"]

1. c4 Nf6 2. Nc3 g6 3. d4 d5 4. Qb3 dxc4 5. Qxc4 Bg7 6. e4 c6 7. Nf3 0-0 8. Be2 b6 9. e5 Nd5 10. Nxd5 cxd5 11. Qa4 Bb7 12. Bd2 Qd7 13. Qb3 Nc6 14. 0-0 e6 15. a4 f6 16. Bb5 a6 17. Bxc6 Bxc6 18. Bb4 Rfe8 19. Bd6 f5 20. Rfc1 Qb7 21. Rc3 Rac8 22. Rac1 Bf8 23. Bxf8 Rxf8 24. h4 Bd7 25. a5 Rxc3 26. Rxc3 b5 27. Qb4 Rc8 28. Qe7 Rxc3 29. bxc3 Bc8 30. Qd8+ Kg7 31. h5 gxh5 32. Kh2 Qd7 33. Qg5+ Kf8 34. Qxh5 Qf7 35. Qh4 Qe7 36. Kg3 Qxh4+ 37. Kxh4 Kg7 38. Kg5 Bd7 39. Ne1 h6+ 40. Kh5 Be8+ 41. Kh4 Kg6 42. Nd3 Bd7 43. Nc5 Bc8 44. g3 Kh7 45. Kh5 Kg7 46. f3 Kh7 47. g4 fxg4 48. fxg4 Kg7 49. g5 hxg5 50. Kxg5 Kf7 51. Kh6 Kf8 52. Kg6 Ke7 53. Kg7 Bd7 54. Nxd7 Kxd7 55. Kf6 Kc6 56. Kxe6 b4 57. cxb4 Kb5 58. Kxd5 Kxb4 59. e6 Kxa5 60. Kc5 1-0

[Event "Chigorin Memorial 19th"]
[Site "St Petersburg"]
[Date "2011.10.14"]
[Round "1"]
[White "Zakharchenko, Arnold"]
[Black "Vorobiov, Evgeny E"]
[Result "0-1"]
[WhiteElo "2225"]
[BlackElo "2581"]
[PlyCount "66"]
[EventDate "2011.10.14"]
[EventType "swiss"]
[EventRounds "9"]
[EventCountry "RUS"]
[SourceTitle "CBM 144 Extra"]
[Source "ChessBase"]
[SourceDate "2011.10.28"]
[SourceVersion "1"]
[SourceVersionDate "2011.10.28"]
[SourceQuality "1"]

1. d4 Nf6 2. c4 e6 3. Nf3 d5 4. Nc3 dxc4 5. e4 Bb4 6. Bxc4 Nxe4 7. 0-0 Nxc3 8. bxc3 Be7 9. d5 exd5 10. Bxd5 c6 11. Be4 Qxd1 12. Rxd1 0-0 13. Rb1 Na6 14. Nd4 Nc5 15. Bf3 Na4 16. Bd2 Bf6 17. g3 Rd8 18. Be1 Nc5 19. Kg2 Bd7 20. Nb3 Nxb3 21. Rxb3 Rab8 22. c4 Be6 23. Rxd8+ Bxd8 24. Bxc6 Bxc4 25. Rxb7 Rxb7 26. Bxb7 Bxa2 27. Bc3 f6 28. f4 Kf7 29. g4 a5 30. Kf3 a4 31. Ke4 f5+ 32. gxf5 a3 33. Bc8 Bf6 0-1

[Event "Graz op 18th"]
[Site "Graz"]
[Date "2011.09.03"]
[Round "8"]
[White "Zakharchenko, Arnold"]
[Black "Wittmann, Walter"]
[Result "1-0"]
[WhiteElo "2202"]
[BlackElo "2295"]
[PlyCount "71"]
[EventDate "2011.08.27"]
[EventType "swiss"]
[EventRounds "9"]
[EventCountry "AUT"]
[SourceTitle "CBM 144 Extra"]
[Source "ChessBase"]
[SourceDate "2011.10.28"]
[SourceVersion "1"]
[SourceVersionDate "2011.10.28"]
[SourceQuality "1"]

1. Nf3 d5 2. c4 e6 3. g3 Nf6 4. Bg2 Be7 5. 0-0 0-0 6. d4 Nbd7 7. Qc2 c6 8. Rd1 Ne4 9. Ne5 f5 10. Nd3 Bf6 11. e3 Qe8 12. Nd2 Kh8 13. Nf3 g5 14. Bd2 Nxd2 15. Rxd2 Rg8 16. Rdd1 Rg6 17. Rac1 Rh6 18. Nd2 Be7 19. b4 a6 20. a4 Bd6 21. b5 cxb5 22. axb5 axb5 23. cxd5 e5 24. dxe5 Nxe5 25. Nxe5 Bxe5 26. Nf3 Bf6 27. Nd4 f4 28. exf4 gxf4 29. Nf5 Bxf5 30. Qxf5 fxg3 31. hxg3 Rd8 32. d6 Bb2 33. d7 Rxd7 34. Rxd7 Bxc1 35. Be4 Rg6 36. Qd5 1-0